|
|
|
|
| LEADER |
00000nab a2200000 a 4500 |
| 001 |
vtls010287815 |
| 003 |
SK-MaSNL |
| 005 |
20260303081949.0 |
| 008 |
110623c1999 xo r m 000 00slo |
| 015 |
|
|
|a SNBRA2011/07SVKPO
|
| 038 |
|
|
|a SVKPO
|
| 040 |
|
|
|a SVKPOCL
|b slo
|c SVKPOCL
|e AACR2
|
| 041 |
0 |
|
|a slo
|
| 044 |
|
|
|a xo
|c SK
|
| 080 |
|
|
|a 930.1
|2 2001
|
| 080 |
|
|
|a 172.16
|2 2001
|
| 080 |
|
|
|a 1-051
|2 2001
|
| 080 |
|
|
|a 177.72
|2 2001
|
| 100 |
1 |
|
|a Dupkala, Rudolf,
|d 1956-
|4 aut
|9 99146
|
| 245 |
1 |
0 |
|a Reflexie humanity v Herderovej filozofii dejín
|c Rudolf Dupkala
|
| 504 |
|
|
|a Bibliogr. odkazy
|
| 600 |
1 |
7 |
|a Herder, Johann Gottfried,
|d 1744-1803
|x filozofia dejín
|2 svkpocl
|9 1086062
|
| 650 |
0 |
7 |
|a filozofia dejín
|2 svkpocl
|9 4205
|
| 650 |
0 |
7 |
|a humanita
|2 svkpocl
|9 16374
|
| 773 |
0 |
|
|t Reflexie o humánnosti a etike / editor: Vasil Gluchman
|d Prešov : L.I.M., 1999
|g S. 20-24
|z 8096777858
|
| 852 |
|
|
|a SVKPO
|b KIS3GCP
|
| 958 |
|
|
|a SK
|
| 958 |
|
|
|a NB
|
| 999 |
|
|
|c 1786401
|d 1788331
|